LEADER 02115nam a2200325 u 4500 001 000000041143 003 CaOOAMICUS 005 20070226114200.0 008 981020s1955 au u000 u lat u 035 $a10806032 040 $a*NLW*$bita$c*NLW*$dMH-AH$dCStRLIN$dAAR$dPUL(R) 100 0 $aAmbrose,$cSaint, Bishop of Milan,$dd. 397.$0(OLS)http://pul/name/3702 240 10$aSelections$9(Ambrose, Saint, Bishop of Milan, d. 397).$0(OLS)http://pul/title/55521 245 10$aExplanatio symboli ; mysteriis ; De paenitentia ; De excessu fratris ; De obitu Valentiniani ; De obitu Theodosii / :$bDe sacramentis ; De mysteriis ; De paenitentia ; De excessu fratris ; De obitu Valentiniani ; De obitu Theodosii /$crecensuit Otto Faller. 260 $aVindobonae :$bHoelder-Pichler-Tempsky,$c1955. 300 $axviii, 125, 443 p. ;$c23 cm 490 1 $aSancti Ambrosii opera ;$vpars 7 490 1 $aCorpus scriptorum ecclesiasticorum Latinorum ;$v73 504 $aIncludes bibliographical references and indexes. 650 0$aTheology$xEarly works to 1800.$2//eng$0(OLS)http://pul/subject/7428 650 0$aTheology$xHistory$yEarly Church, ca. 30-600.$2//eng$0(OLS)http://pul/subject/18562 700 1 $aFaller, Otto,$cS.I.,$d1889-$0(OLS)http://pul/name/5622 800 0 $aAmbrose,$cSaint, Bishop of Milan,$dd. 397.$tWorks$9(Ambrose, Saint, Bishop of Milan, d. 397).$2//eng$0(OLS)http://pul/nameTitle/117$0(OLS)http://pul/name/30302$0(OLS)http://pul/title/55525 830 0$aCorpus scriptorum ecclesiasticorum Latinorum ;$v73.$0(OLS)http://pul/title/1658 850 $aPUL 852 $aPUL$W1$xSL Cons. Gen., Altre Classi 1$y1$m2004$j1449$nBK-PRI$b $qStampati$B55782$CPULBib$Z2$F55782 $H $81 941 1 $a8 961 $aINV: 18273. -- Rilegato con: De libero arbitrio libri tres / Augustinus, s., vesc. d'Ippona, 1956. 996 $6245$aExplanatio symboli ; mysteriis ; De paenitentia ; De excessu fratris ; De obitu Valentiniani ; De obitu Theodosii$9(OLS)http://pul/title/55524 996 $6260$aVindobonae :$bHoelder-Pichler-Tempsky$9(OLS)http://pul/publisher/48542 LEADER 01222nam a2200313 a 4500 001 000000122487 003 CaOOAMICUS 005 20100712173730.0 008 100712t2001 it u000 u ita r 020 $a88-15-07680-8 040 $aPUL$bita$dReb 041 1 $aita$heng 082 04$a909 100 1 $aTuck, Richard.$0(OLS)http://pul/name/49789 240 10$aHobbes$lItaliano.$0(OLS)http://pul/title/154291 245 10$aHobbes /$cRichard Tuck. 260 $aBologna :$bIl Mulino,$cİ2001. 300 $a140 p. ;$c21 cm. 490 1 $aUniversale paperbacks Il Mulino ;$v399 504 $aInclude riferimenti bibliografici ed indice. 600 14$aHobbes, Thomas,$d1588-1679.$0(OLS)http://pul/subject/2539 830 0$aUniversale paperbacks Il Mulino ;$v399.$0(OLS)http://pul/title/190 850 $aPUL 852 $aPUL$W1$xDP2 Filosofia 3$y112$m909 COLL 2.399$j140667$qDDC 21$B139766$CPULBib$Z2$F139766 $H114345 $82 941 1 $a9 996 $6020$a88-15-07680-8$9(OLS)http://pul/number/144869 996 $6082$a909$9(OLS)http://pul/classification/566 996 $6245$aHobbes$9(OLS)http://pul/title/154290 996 $6260$aBologna :$bIl Mulino$9(OLS)http://pul/publisher/47928